000
002700000a22000970004500
100
1
_a
Watson, Wilfred G.E.
245
1
0
_a
Love and death once more (Song of Songs 8:6)
300
_a
Vol. 47, Num 3 (Julio, 1997), Páginas 385-387
773
0
_t
Vetus Testamentum
942
_c
ANA
999
_c
58127
_d
58127